00853cam a22002411a 4500001001300000003000400013005001700017008004100034010001700075035001900092040005200111042001200163050002300175100002400198245005800222260005500280300001500335490010800350650002100458650002600479830008900505999001700594gs 64000108 DLC20260227111413.0810922m19639999at f000 0 eng c ags 64000108  a(OCoLC)7780942 aU.S. Geol. Survey. Libr.cNBuUdNBuUdICRLdDLC apremarc00aQE340b.A39 no. 651 aJoplin, Germaine A.10aChemical analyses of Australian rocks /cG.A. Joplin. a[Canberra?]bAustralian Govt. Pub. Service,c1963- av.c25 cm.1 aBulletin / Dept. of National Developemnt, Bureau of Mineral Resources, Geology and Geophysics ;vno. 65 0aRocksxAnalysis. 0aPetrologyzAustralia. 0aBulletin (Australia. Bureau of Mineral Resources, Geology and Geophysics) ;vno. 65. c29801d29801